[Event "16. Torneo Aficionados Benidorm s-2000"]
[Site "Benidorm ESP"]
[Date "2017.12.04"]
[Round "4.8"]
[White "Vakulenko, Oleksandr"]
[Black "Kenani, Dariush"]
[Result "1-0"]
[WhiteElo "1943"]
[BlackElo "1912"]
[PlyCount "81"]
[EventDate "2017.12.01"]
[EventType "swiss"]
[EventRounds "10"]
[EventCountry "ESP"]
[SourceTitle "Ajedrez en Madrid"]
[Source "lmi"]
[SourceDate "2017.12.01"]
[SourceVersion "1"]
[SourceVersionDate "2018.01.25"]
[SourceQuality "1"]

1. e4 Nf6 2. e5 Nd5 3. d4 d6 4. Nf3 Bg4 5. Be2 e6 6. c4 Nb6 7. exd6 cxd6 8. b3
Be7 9. O-O O-O 10. Na3 d5 11. h3 Bh5 12. Bb2 Nc6 13. Re1 Rc8 14. Rc1 Bb4 15.
Rf1 Re8 16. c5 Nd7 17. Nb5 Re7 18. g4 Bg6 19. Nd6 Rb8 20. Bb5 Nf6 21. Bxc6 bxc6
22. Ne5 Rc8 23. a3 Ba5 24. b4 Ne4 25. Nxc8 Qxc8 26. bxa5 h5 27. f3 Ng3 28. Re1
Rb7 29. Bc3 Bh7 30. Kg2 h4 31. a6 Rb8 32. Qa4 Rb5 33. Re3 f6 34. Nd3 Bxd3 35.
Rxd3 Ne2 36. Bd2 Rb2 37. Rc2 Rb1 38. f4 Qc7 39. Rf3 e5 40. Ba5 Qd7 41. Rxe2 1-0

[Event "16. Torneo Aficionados Benidorm s-2000"]
[Site "Benidorm ESP"]
[Date "2017.12.04"]
[Round "4.9"]
[White "Garcia Yepes, Miguel Angel"]
[Black "Daugerts, Janis"]
[Result "0-1"]
[WhiteElo "1633"]
[BlackElo "1940"]
[PlyCount "96"]
[EventDate "2017.12.01"]
[EventType "swiss"]
[EventRounds "10"]
[EventCountry "ESP"]
[SourceTitle "Ajedrez en Madrid"]
[Source "lmi"]
[SourceDate "2017.12.01"]
[SourceVersion "1"]
[SourceVersionDate "2018.01.25"]
[SourceQuality "1"]

1. e4 c5 2. d4 cxd4 3. c3 Nf6 4. e5 Nd5 5. c4 Nc7 6. Qxd4 Ne6 7. Qd5 Nc6 8. Nf3
b6 9. Nc3 Bb7 10. Be2 g6 11. O-O Bg7 12. Ne4 Qc7 13. Qd3 Nxe5 14. Nxe5 Qxe5 15.
Ng3 Nd4 16. Re1 O-O 17. Rb1 Qc7 18. b3 Nxe2+ 19. Rxe2 Qc6 20. f3 f5 21. Bf4
Qc5+ 22. Kh1 e5 23. Be3 Qc7 24. Bf2 Rae8 25. Rd1 Bc6 26. b4 e4 27. fxe4 fxe4
28. Qd6 Qc8 29. c5 e3 30. Bg1 Qb7 31. Bxe3 Re6 32. Qd2 Rfe8 33. Rg1 h5 34. Bf4
h4 35. Rxe6 Rxe6 36. Nf1 h3 37. Ne3 Re4 38. Rf1 Rxe3 39. Bxe3 hxg2+ 40. Kg1
gxf1=Q+ 41. Kxf1 Qa6+ 42. Kf2 Qc4 43. cxb6 axb6 44. Bxb6 Bc3 45. Qg5 Qxa2+ 46.
Kg3 Be1+ 47. Kh3 Qe6+ 48. Qg4 Bg2+ 0-1

[Event "16. Torneo Aficionados Benidorm s-2000"]
[Site "Benidorm ESP"]
[Date "2017.12.04"]
[Round "4.10"]
[White "Fichtinger, Leopold"]
[Black "Campos Busquiel, Alejandro"]
[Result "1-0"]
[WhiteElo "1979"]
[BlackElo "1826"]
[PlyCount "95"]
[EventDate "2017.12.01"]
[EventType "swiss"]
[EventRounds "10"]
[EventCountry "ESP"]
[SourceTitle "Ajedrez en Madrid"]
[Source "lmi"]
[SourceDate "2017.12.01"]
[SourceVersion "1"]
[SourceVersionDate "2018.01.25"]
[SourceQuality "1"]

1. e4 e6 2. d4 d5 3. Nc3 Nf6 4. Bg5 dxe4 5. Nxe4 Be7 6. Bxf6 gxf6 7. Nf3 b6 8.
Bb5+ c6 9. Bd3 Bb7 10. Qe2 Qc7 11. O-O-O Nd7 12. Kb1 O-O-O 13. c4 Rhg8 14. Ng3
Nf8 15. Rhe1 Bb4 16. Rg1 Be7 17. Qc2 f5 18. c5 Bf6 19. Rge1 Nd7 20. b4 bxc5 21.
bxc5 Qa5 22. Nd2 Qb4+ 23. Nb3 Rg4 24. Ne2 Rxg2 25. Nf4 Rxh2 26. Bc4 Qa3 27. Re3
Bg5 28. Nc1 Qa5 29. Rf3 Ba6 30. Nb3 Qa4 31. Bxa6+ Qxa6 32. Nd3 Qb5 33. Nb2 Nf6
34. Rxf5 Rd5 35. Rf3 a5 36. a4 Qb4 37. Nc4 Rd7 38. Nb6+ Kc7 39. Nxd7 Kxd7 40.
Rg1 h6 41. Rxg5 hxg5 42. Rxf6 Ke7 43. Rf3 Qxa4 44. Qd2 Rg2 45. Qxa5 Qc4 46.
Qc7+ Ke8 47. Qxf7+ Kd8 48. Qf8+ 1-0

[Event "16. Torneo Aficionados Benidorm s-2000"]
[Site "Benidorm ESP"]
[Date "2017.12.04"]
[Round "4.11"]
[White "Prats Alonso, Oscar"]
[Black "Rios Torondell, Jaume"]
[Result "1-0"]
[WhiteElo "1976"]
[BlackElo "1864"]
[PlyCount "85"]
[EventDate "2017.12.01"]
[EventType "swiss"]
[EventRounds "10"]
[EventCountry "ESP"]
[SourceTitle "Ajedrez en Madrid"]
[Source "lmi"]
[SourceDate "2017.12.01"]
[SourceVersion "1"]
[SourceVersionDate "2018.01.25"]
[SourceQuality "1"]

1. e4 e6 2. d4 d5 3. Bd3 dxe4 4. Bxe4 Nf6 5. Bf3 c5 6. Ne2 Nbd7 7. O-O Be7 8.
Nbc3 O-O 9. Bf4 cxd4 10. Qxd4 Bc5 11. Qc4 Qe7 12. Rad1 Nb6 13. Qd3 h6 14. Ng3
e5 15. Rfe1 Be6 16. Bxe5 Rad8 17. Bxf6 Qxf6 18. Qe4 Rd4 19. Rxd4 Bxd4 20. Nh5
Bxf2+ 21. Kxf2 Qg5 22. Qe5 Qxe5 23. Rxe5 Nc4 24. Rc5 Nxb2 25. Nf4 b6 26. Nxe6
fxe6 27. Rc7 Rf4 28. Ke3 Rc4 29. Rc6 Rxc6 30. Bxc6 Nc4+ 31. Kd4 Nd2 32. Nb5 Nf1
33. h3 a5 34. Nc7 Kf7 35. Na8 Kf6 36. Nxb6 e5+ 37. Kd3 Ke6 38. Nc4 Ng3 39. Nxa5
Kd6 40. Be4 Nh5 41. Nc4+ Ke6 42. a4 Nf6 43. Bc6 1-0

[Event "16. Torneo Aficionados Benidorm s-2000"]
[Site "Benidorm ESP"]
[Date "2017.12.05"]
[Round "5.1"]
[White "Lerendegui Lasa, Odei"]
[Black "Vakulenko, Oleksandr"]
[Result "1-0"]
[WhiteElo "1975"]
[BlackElo "1943"]
[PlyCount "111"]
[EventDate "2017.12.01"]
[EventType "swiss"]
[EventRounds "10"]
[EventCountry "ESP"]
[SourceTitle "Ajedrez en Madrid"]
[Source "lmi"]
[SourceDate "2017.12.01"]
[SourceVersion "1"]
[SourceVersionDate "2018.01.25"]
[SourceQuality "1"]

1. e4 Nf6 2. e5 Nd5 3. d4 d6 4. Nf3 dxe5 5. Nxe5 c6 6. Bd3 Nb4 7. Bc4 Nd5 8.
O-O Nd7 9. Qe2 Nxe5 10. dxe5 e6 11. Bb3 Qc7 12. Re1 c5 13. Nd2 Bd7 14. a4 Be7
15. Nc4 O-O 16. Qg4 Kh8 17. Qg3 a6 18. a5 b5 19. axb6 Nxb6 20. Bd2 Nxc4 21.
Bxc4 Bb5 22. Re4 Rfd8 23. Bc3 Qb7 24. Rg4 Bxc4 25. Rxc4 Qd5 26. Qg4 f5 27. exf6
Bxf6 28. Bxf6 gxf6 29. Qe4 Qxe4 30. Rxe4 Rd6 31. g3 Rb8 32. b3 Kg7 33. Rc4 Rb5
34. Kf1 a5 35. Ke2 Rd4 36. Raa4 Rd5 37. Re4 Kf7 38. c4 Rxb3 39. cxd5 exd5 40.
Rh4 Rb2+ 41. Kf3 Rb3+ 42. Kf4 Rb5 43. Rxh7+ Ke6 44. Rh4 c4 45. Ke3 Kd6 46. Rh6
Kc5 47. Rxf6 Rb3+ 48. Kd2 Kb5 49. Ra1 d4 50. Rf5+ Kb4 51. Raxa5 Rd3+ 52. Ke2
Kb3 53. Rfb5+ Kc2 54. Ra2+ Kc1 55. Rd5 Kb1 56. Ra4 1-0

[Event "16. Torneo Aficionados Benidorm s-2000"]
[Site "Benidorm ESP"]
[Date "2017.12.05"]
[Round "5.2"]
[White "Daugerts, Janis"]
[Black "Ramon Gualberto, Arturo"]
[Result "1/2-1/2"]
[WhiteElo "1940"]
[BlackElo "1960"]
[PlyCount "85"]
[EventDate "2017.12.01"]
[EventType "swiss"]
[EventRounds "10"]
[EventCountry "ESP"]
[SourceTitle "Ajedrez en Madrid"]
[Source "lmi"]
[SourceDate "2017.12.01"]
[SourceVersion "1"]
[SourceVersionDate "2018.01.25"]
[SourceQuality "1"]

1. d4 Nf6 2. Bg5 e6 3. e4 h6 4. Bxf6 Qxf6 5. Nf3 b6 6. Bd3 Bb7 7. e5 Qe7 8. Nc3
Nc6 9. O-O d6 10. d5 Nb4 11. Bb5+ c6 12. dxc6 Bxc6 13. a3 Qd7 14. Nd4 dxe5 15.
axb4 exd4 16. Bxc6 Qxc6 17. Qxd4 f6 18. b5 Bc5 19. bxc6 Bxd4 20. Nb5 Bc5 21.
Nc7+ Ke7 22. Nxa8 Rxa8 23. Rfd1 Bd6 24. b4 a5 25. c3 Rc8 26. bxa5 bxa5 27. Rxa5
Rxc6 28. Ra7+ Bc7 29. Rd3 e5 30. Kf1 Ke6 31. Ra8 e4 32. Re8+ Kf5 33. g4+ Kf4
34. Re3 Be5 35. h3 Rc4 36. Re7 g6 37. Rh7 Bxc3 38. Rxh6 Kg5 39. Rh7 Kf4 40. Kg2
Bd4 41. Re2 g5 42. Re7 Be5 43. Rf7 1/2-1/2

[Event "16. Torneo Aficionados Benidorm s-2000"]
[Site "Benidorm ESP"]
[Date "2017.12.05"]
[Round "5.3"]
[White "Nogues Fernandez, Ramon"]
[Black "Cuellar Gutierrez, Raul"]
[Result "1/2-1/2"]
[WhiteElo "1950"]
[BlackElo "1923"]
[PlyCount "129"]
[EventDate "2017.12.01"]
[EventType "swiss"]
[EventRounds "10"]
[EventCountry "ESP"]
[SourceTitle "Ajedrez en Madrid"]
[Source "lmi"]
[SourceDate "2017.12.01"]
[SourceVersion "1"]
[SourceVersionDate "2018.01.25"]
[SourceQuality "1"]

1. d4 Nf6 2. c4 g6 3. Nc3 d5 4. cxd5 Nxd5 5. e4 Nxc3 6. bxc3 Bg7 7. Be3 c5 8.
Rc1 O-O 9. Nf3 Nc6 10. Be2 cxd4 11. cxd4 Bg4 12. d5 Bxf3 13. Bxf3 Ne5 14. Be2
b6 15. O-O Nd7 16. a4 Rc8 17. Bb5 Nc5 18. f3 Qd6 19. Rf2 Rfd8 20. Kh1 Be5 21.
f4 Bg7 22. Qc2 Rc7 23. e5 Qxd5 24. Rd2 Qa8 25. Rxd8+ Qxd8 26. Qe2 Bf8 27. a5 e6
28. axb6 axb6 29. Rd1 Qa8 30. Qb2 Ra7 31. Bc4 Na4 32. Qb3 Bc5 33. Bc1 Be7 34.
f5 gxf5 35. Bxe6 fxe6 36. Qxe6+ Kh8 37. Rd7 Nc5 38. Rxa7 Qxa7 39. Qxf5 Qd7 40.
Qf1 Qd3 41. Qe1 Ne4 42. e6 Bf6 43. Bh6 Qd4 44. Be3 Qa1 45. Qxa1 Bxa1 46. Bxb6
Kg7 47. Bd8 Bf6 48. Bc7 Nc5 49. g4 Nxe6 50. Bd6 Kg6 51. Kg2 Bg5 52. Kg3 Bd8 53.
h4 Bc7 54. Bxc7 Nxc7 55. Kf4 Kf6 56. g5+ Kg6 57. Kg4 Nd5 58. h5+ Kg7 59. Kf5
Ne7+ 60. Ke6 Ng6 61. Kf5 Ne7+ 62. Ke6 Kf8 63. g6 h6 64. g7+ Kxg7 65. Kxe7
1/2-1/2

[Event "16. Torneo Aficionados Benidorm s-2000"]
[Site "Benidorm ESP"]
[Date "2017.12.05"]
[Round "5.4"]
[White "Castillo Garcia, Adrian"]
[Black "Carmona Huertas, Juan Antonio"]
[Result "1-0"]
[WhiteElo "1993"]
[BlackElo "1869"]
[PlyCount "86"]
[EventDate "2017.12.01"]
[EventType "swiss"]
[EventRounds "10"]
[EventCountry "ESP"]
[SourceTitle "Ajedrez en Madrid"]
[Source "lmi"]
[SourceDate "2017.12.01"]
[SourceVersion "1"]
[SourceVersionDate "2018.01.25"]
[SourceQuality "1"]

1. c4 e5 2. Nc3 Nf6 3. e4 Bc5 4. d3 d6 5. h3 a6 6. Qf3 Nc6 7. Be3 Nd4 8. Qd1 c6
9. Nf3 Nxf3+ 10. Qxf3 Bxe3 11. Qxe3 O-O 12. Be2 Re8 13. Bf3 Be6 14. O-O Qe7 15.
Rad1 Rad8 16. Rfe1 Qc7 17. b3 Qa5 18. Qd2 c5 19. Qb2 Nd7 20. a3 Qc7 21. Rc1 Nb8
22. Re3 Nc6 23. b4 Nd4 24. Rb1 Re7 25. Bg4 b6 26. bxc5 bxc5 27. Ree1 Qa7 28.
Qb6 Qxb6 29. Rxb6 Ra7 30. Reb1 g6 31. Bd1 f5 32. f3 Kf7 33. Ba4 Bd7 34. Rxd6
Ke7 35. Rd5 Bxa4 36. Rxd8 Kxd8 37. Nxa4 Nc2 38. Rb3 Nd4 39. Rb6 Kc7 40. Rf6
Ne2+ 41. Kf2 Nf4 42. Nxc5 Kc8 43. exf5 Rc7 1-0

[Event "16. Torneo Aficionados Benidorm s-2000"]
[Site "Benidorm ESP"]
[Date "2017.12.05"]
[Round "5.5"]
[White "Garcia Serrano, Jose M"]
[Black "Prats Alonso, Oscar"]
[Result "1-0"]
[WhiteElo "1891"]
[BlackElo "1976"]
[PlyCount "79"]
[EventDate "2017.12.01"]
[EventType "swiss"]
[EventRounds "10"]
[EventCountry "ESP"]
[SourceTitle "Ajedrez en Madrid"]
[Source "lmi"]
[SourceDate "2017.12.01"]
[SourceVersion "1"]
[SourceVersionDate "2018.01.25"]
[SourceQuality "1"]

1. e4 e6 2. d4 d5 3. Nc3 Bb4 4. e5 c5 5. a3 Bxc3+ 6. bxc3 Qa5 7. Bd2 Qa4 8. Qg4
g6 9. Kd1 Nc6 10. h4 Nxe5 11. Qf4 Nc6 12. h5 e5 13. hxg6 fxg6 14. dxe5 Qxf4 15.
Bxf4 Nge7 16. Bg5 O-O 17. Rb1 Nf5 18. Nf3 a6 19. Rb6 Ng7 20. c4 d4 21. Bd3 Be6
22. Bh6 Rab8 23. Ng5 Bf5 24. Bxg7 Kxg7 25. Rxh7+ Kg8 26. e6 Bxd3 27. cxd3 Rf5
28. f4 Rxg5 29. Rbxb7 Rxb7 30. Rxb7 Rg3 31. Rc7 Rxd3+ 32. Kc1 Kf8 33. Rxc6 Ke7
34. Rxa6 Rc3+ 35. Kd2 Rxc4 36. Kd3 Rc3+ 37. Ke4 Re3+ 38. Kd5 d3 39. Ra7+ Kf6
40. Rf7# 1-0

[Event "16. Torneo Aficionados Benidorm s-2000"]
[Site "Benidorm ESP"]
[Date "2017.12.05"]
[Round "5.6"]
[White "Llano Gomez, Jose Pablo"]
[Black "Viudes Serra, Aaron"]
[Result "0-1"]
[WhiteElo "1969"]
[BlackElo "1835"]
[PlyCount "110"]
[EventDate "2017.12.01"]
[EventType "swiss"]
[EventRounds "10"]
[EventCountry "ESP"]
[SourceTitle "Ajedrez en Madrid"]
[Source "lmi"]
[SourceDate "2017.12.01"]
[SourceVersion "1"]
[SourceVersionDate "2018.01.25"]
[SourceQuality "1"]

1. d4 d5 2. Nf3 Bf5 3. e3 Nf6 4. b3 e6 5. Bb2 Bb4+ 6. c3 Ba5 7. Nbd2 h6 8. Be2
O-O 9. O-O Nbd7 10. Rc1 c6 11. Ne5 Bc7 12. f4 Ne8 13. g4 Bh7 14. Ba3 Nd6 15.
Qe1 f6 16. Nef3 Re8 17. Qf2 Qe7 18. Ne5 fxe5 19. Bxd6 Bxd6 20. dxe5 Bc5 21. Qg3
Rf8 22. h4 Rf7 23. Kg2 g5 24. hxg5 hxg5 25. Rh1 Nf8 26. Rh5 Rg7 27. Rch1 Kf7
28. f5 exf5 29. gxf5 Bxf5 30. Rf1 Ke6 31. e4 Bxe4+ 32. Bf3 Bxf3+ 33. Nxf3 Kd7
34. c4 Ne6 35. Qg4 Kc7 36. Rh6 Nf4+ 37. Kg3 Rg6 38. Rh2 Qe6 39. Qxe6 Nxe6 40.
Rh7+ Kb6 41. b4 Be3 42. c5+ Ka6 43. a4 b5 44. Ra1 bxa4 45. Ne1 Bf4+ 46. Kf2
Bxe5 47. Ra2 Rf8+ 48. Ke3 Rg7 49. Rh6 Rf6 50. Rh8 Kb7 51. Rxa4 g4 52. Nd3 Rf3+
53. Ke2 Nf4+ 54. Nxf4 Rxf4 55. Re8 Bc7 0-1

[Event "16. Torneo Aficionados Benidorm s-2000"]
[Site "Benidorm ESP"]
[Date "2017.12.05"]
[Round "5.7"]
[White "Garcia Martinez, Oscar"]
[Black "Lisarri Tomas, Antonio"]
[Result "1/2-1/2"]
[WhiteElo "1838"]
[BlackElo "1959"]
[PlyCount "50"]
[EventDate "2017.12.01"]
[EventType "swiss"]
[EventRounds "10"]
[EventCountry "ESP"]
[SourceTitle "Ajedrez en Madrid"]
[Source "lmi"]
[SourceDate "2017.12.01"]
[SourceVersion "1"]
[SourceVersionDate "2018.01.25"]
[SourceQuality "1"]

1. e4 c5 2. Nf3 d6 3. d4 cxd4 4. Nxd4 Nf6 5. f3 a6 6. c4 e6 7. Be3 Be7 8. Nc3
Qc7 9. Be2 Nbd7 10. O-O O-O 11. Rc1 b6 12. Qd2 Bb7 13. Rfd1 Rfd8 14. b3 Rac8
15. Nc2 d5 16. exd5 exd5 17. Nxd5 Nxd5 18. cxd5 Nf6 19. Nb4 Qd6 20. Nc6 Bxc6
21. dxc6 Qe6 22. Bd3 Rxc6 23. Rxc6 Qxc6 24. Qc2 Qe6 25. Bf2 b5 1/2-1/2

[Event "16. Torneo Aficionados Benidorm s-2000"]
[Site "Benidorm ESP"]
[Date "2017.12.05"]
[Round "5.8"]
[White "Cebolla Moll, Ricardo"]
[Black "Rubert Alfonso, Victor"]
[Result "1-0"]
[WhiteElo "1957"]
[BlackElo "1831"]
[PlyCount "69"]
[EventDate "2017.12.01"]
[EventType "swiss"]
[EventRounds "10"]
[EventCountry "ESP"]
[SourceTitle "Ajedrez en Madrid"]
[Source "lmi"]
[SourceDate "2017.12.01"]
[SourceVersion "1"]
[SourceVersionDate "2018.01.25"]
[SourceQuality "1"]

1. f4 d5 2. Nf3 Nf6 3. e3 e6 4. b3 c5 5. Bb2 Nc6 6. Bb5 Be7 7. Ne5 Qb6 8. Bxc6+
bxc6 9. O-O Bb7 10. Qe1 Nd7 11. Qg3 Bf6 12. Nc3 a5 13. Na4 Qa7 14. d3 Rg8 15.
f5 Bxe5 16. Bxe5 f6 17. Bd6 e5 18. Qh3 O-O-O 19. Qxh7 c4 20. Rae1 cxd3 21. cxd3
Ba6 22. Nb2 e4 23. Rf2 exd3 24. Rd2 Nc5 25. Bxc5 Qxc5 26. Nxd3 Qc3 27. Red1 c5
28. Qh3 Rge8 29. Qf3 Re4 30. Qf2 d4 31. Nxc5 Rxe3 32. Nxa6 Kb7 33. Rc2 Rd3 34.
Rxd3 Qa1+ 35. Qf1 1-0

[Event "16. Torneo Aficionados Benidorm s-2000"]
[Site "Benidorm ESP"]
[Date "2017.12.05"]
[Round "5.9"]
[White "Rionda Medio, Angel Arturo"]
[Black "Beltran Reverter, Josep M"]
[Result "1-0"]
[WhiteElo "1932"]
[BlackElo "1809"]
[PlyCount "61"]
[EventDate "2017.12.01"]
[EventType "swiss"]
[EventRounds "10"]
[EventCountry "ESP"]
[SourceTitle "Ajedrez en Madrid"]
[Source "lmi"]
[SourceDate "2017.12.01"]
[SourceVersion "1"]
[SourceVersionDate "2018.01.25"]
[SourceQuality "1"]

1. e4 d6 2. d4 Nf6 3. Nc3 g6 4. Bg5 Bg7 5. Qd2 Nbd7 6. Bh6 O-O 7. Bxg7 Kxg7 8.
O-O-O c6 9. h4 Qa5 10. Nf3 b5 11. e5 Ng4 12. h5 b4 13. Nb1 dxe5 14. Rh4 Ndf6
15. dxe5 Nxe5 16. Nxe5 Qxe5 17. hxg6 fxg6 18. Re1 Qd6 19. Qh6+ Kg8 20. Bc4+ e6
21. Nd2 Rf7 22. Nf3 Qf8 23. Ng5 Qxh6 24. Rxh6 Re7 25. f4 Kg7 26. Reh1 Kg8 27.
f5 Ng4 28. Rxh7 Rxh7 29. Rxh7 gxf5 30. Rc7 Ne3 31. Rxc8+ 1-0

[Event "16. Torneo Aficionados Benidorm s-2000"]
[Site "Benidorm ESP"]
[Date "2017.12.05"]
[Round "5.10"]
[White "Garcia Gomez, Pedro"]
[Black "Vallbona Domingo, Joan"]
[Result "1-0"]
[WhiteElo "1795"]
[BlackElo "1918"]
[PlyCount "55"]
[EventDate "2017.12.01"]
[EventType "swiss"]
[EventRounds "10"]
[EventCountry "ESP"]
[SourceTitle "Ajedrez en Madrid"]
[Source "lmi"]
[SourceDate "2017.12.01"]
[SourceVersion "1"]
[SourceVersionDate "2018.01.25"]
[SourceQuality "1"]

1. e4 c5 2. Nf3 e6 3. d4 cxd4 4. Nxd4 a6 5. Bd3 Bc5 6. Nb3 Be7 7. Qg4 g6 8. Qe2
d6 9. O-O Nd7 10. c4 Qc7 11. Nc3 b6 12. a4 h5 13. a5 Ngf6 14. axb6 Nxb6 15. h3
Nfd7 16. Be3 Ne5 17. Bd4 f6 18. Na5 Kf7 19. f4 Nxd3 20. Qxd3 Bd7 21. Kh1 Rhc8
22. f5 Nxc4 23. fxg6+ Kg7 24. Rxf6 Bxf6 25. Bxf6+ Kxf6 26. Rf1+ Ke5 27. Qg3+
Kd4 28. Nb3# 1-0

[Event "16. Torneo Aficionados Benidorm s-2000"]
[Site "Benidorm ESP"]
[Date "2017.12.05"]
[Round "5.11"]
[White "Najarro Garcia, Jose Maria"]
[Black "Buitron Ramil, David"]
[Result "0-1"]
[WhiteElo "1765"]
[BlackElo "1974"]
[PlyCount "114"]
[EventDate "2017.12.01"]
[EventType "swiss"]
[EventRounds "10"]
[EventCountry "ESP"]
[SourceTitle "Ajedrez en Madrid"]
[Source "lmi"]
[SourceDate "2017.12.01"]
[SourceVersion "1"]
[SourceVersionDate "2018.01.25"]
[SourceQuality "1"]

1. g3 e5 2. Bg2 f5 3. e4 Nf6 4. Nc3 fxe4 5. Nxe4 Nc6 6. d3 Be7 7. c3 d6 8. Nh3
Bf5 9. f3 Qd7 10. Nhf2 d5 11. Ng5 Bc5 12. b4 Bxf2+ 13. Kxf2 h6 14. h4 hxg5 15.
hxg5 Rxh1 16. Qxh1 Ng8 17. Qh5+ Qf7 18. Qh4 Bxd3 19. Bh3 Bf5 20. a4 O-O-O 21.
a5 Bxh3 22. Qxh3+ Qd7 23. Qh7 e4 24. Bf4 d4 25. Qxe4 dxc3 26. b5 Qd4+ 27. Qxd4
Nxd4 28. b6 axb6 29. axb6 cxb6 30. Rc1 Nb5 31. Be5 Rd2+ 32. Ke3 Rd5 33. f4 g6
34. Ke4 Rc5 35. f5 gxf5+ 36. Kxf5 Kd7 37. g6 Ne7+ 38. Kf6 Nxg6 39. Bxc3 Rxc3
40. Rd1+ Kc6 41. Kxg6 Rxg3+ 42. Kf5 Re3 43. Kf4 Re8 44. Rc1+ Kd5 45. Rb1 Kc4
46. Kf5 Nd6+ 47. Kf4 b5 48. Rc1+ Kd5 49. Rd1+ Kc5 50. Rh1 b4 51. Rc1+ Nc4 52.
Rh1 Kd4 53. Rh7 Rf8+ 54. Kg3 b3 55. Rxb7 b2 56. Rb3 Rf7 57. Kg2 Rf6 0-1

[Event "16. Torneo Aficionados Benidorm s-2000"]
[Site "Benidorm ESP"]
[Date "2017.12.05"]
[Round "6.1"]
[White "Ramon Gualberto, Arturo"]
[Black "Lerendegui Lasa, Odei"]
[Result "1-0"]
[WhiteElo "1960"]
[BlackElo "1975"]
[PlyCount "133"]
[EventDate "2017.12.01"]
[EventType "swiss"]
[EventRounds "10"]
[EventCountry "ESP"]
[SourceTitle "Ajedrez en Madrid"]
[Source "lmi"]
[SourceDate "2017.12.01"]
[SourceVersion "1"]
[SourceVersionDate "2018.01.25"]
[SourceQuality "1"]

1. d4 Nf6 2. c4 g6 3. Nc3 Bg7 4. e4 d6 5. Nf3 O-O 6. Be2 e5 7. O-O Nc6 8. d5
Ne7 9. b4 Nh5 10. Re1 Nf4 11. Bxf4 exf4 12. Qb3 Bg4 13. Nd2 Bxe2 14. Rxe2 g5
15. c5 Ng6 16. Rc1 Ne5 17. Nb5 g4 18. Nd4 Qg5 19. Kh1 a5 20. b5 Nd7 21. cxd6
cxd6 22. Nf5 Rfc8 23. Qa3 f3 24. Re3 fxg2+ 25. Kxg2 Be5 26. Rxc8+ Rxc8 27. Qxa5
h5 28. Qa4 Bf4 29. Rd3 h4 30. Nf1 Nc5 31. Qc2 Re8 32. Rd4 Be5 33. Rc4 Qf4 34.
Nxh4 Qh6 35. Nf5 Qh3+ 36. Kg1 Qf3 37. N1g3 Ra8 38. a4 Qa3 39. Qd2 Kf8 40. Qh6+
Ke8 41. Nxd6+ Bxd6 42. Qxd6 Qa1+ 43. Kg2 Nd3 44. Nf5 Qe5 45. Qxe5+ Nxe5 46. Rc7
Rxa4 47. Re7+ Kd8 48. Rxe5 Rb4 49. d6 f6 50. Re7 Rxb5 51. Kg3 Rb2 52. Kxg4 Rxf2
53. h4 b5 54. Rb7 Re2 55. Kf3 Rb2 56. h5 b4 57. h6 Rh2 58. h7 Kc8 59. Rc7+ Kb8
60. Kg3 Rh5 61. Kg4 Rxh7 62. Rxh7 b3 63. Rh2 Kc8 64. Rb2 Kd7 65. Rxb3 Ke6 66.
Rb7 Ke5 67. Re7# 1-0

[Event "16. Torneo Aficionados Benidorm s-2000"]
[Site "Benidorm ESP"]
[Date "2017.12.05"]
[Round "6.2"]
[White "Estevez Jacome, Jose Ramon"]
[Black "Castillo Garcia, Adrian"]
[Result "1/2-1/2"]
[WhiteElo "1937"]
[BlackElo "1993"]
[PlyCount "108"]
[EventDate "2017.12.01"]
[EventType "swiss"]
[EventRounds "10"]
[EventCountry "ESP"]
[SourceTitle "Ajedrez en Madrid"]
[Source "lmi"]
[SourceDate "2017.12.01"]
[SourceVersion "1"]
[SourceVersionDate "2018.01.25"]
[SourceQuality "1"]

1. e4 c5 2. Nf3 Nc6 3. d4 cxd4 4. Nxd4 e5 5. Nb5 a6 6. Nd6+ Bxd6 7. Qxd6 Qf6 8.
Qa3 Nge7 9. Bd3 O-O 10. O-O d5 11. Nd2 Be6 12. exd5 Nxd5 13. Ne4 Qe7 14. Qxe7
Ndxe7 15. Nc5 Bc8 16. f4 b6 17. Ne4 b5 18. Nd6 f5 19. fxe5 Nxe5 20. Bg5 Nd5 21.
Nxc8 Nxd3 22. Ne7+ Nxe7 23. Bxe7 Rfe8 24. cxd3 Rxe7 25. Rxf5 Rd8 26. Rd1 g6 27.
Rf3 Rd4 28. Kf2 a5 29. Re3 Rf7+ 30. Ke2 b4 31. Re4 Rd5 32. Ke3 Rdf5 33. Rd2 Rf1
34. d4 Ra1 35. b3 Rc1 36. d5 Kf8 37. Kd4 Re7 38. Rf4+ Ke8 39. d6 Ree1 40. Kd5
Rcd1 41. Rff2 Rxd2+ 42. Rxd2 Kd7 43. Kc5 Re3 44. Kd4 Re6 45. Kc5 Re3 46. h3 Re1
47. Rf2 Re5+ 48. Kd4 Rg5 49. Rf7+ Kxd6 50. Rxh7 Rxg2 51. Ra7 Rxa2 52. Ra6+ Ke7
53. Rxg6 a4 54. bxa4 Rxa4 1/2-1/2

[Event "16. Torneo Aficionados Benidorm s-2000"]
[Site "Benidorm ESP"]
[Date "2017.12.05"]
[Round "6.3"]
[White "Fichtinger, Leopold"]
[Black "Rionda Medio, Angel Arturo"]
[Result "1-0"]
[WhiteElo "1979"]
[BlackElo "1932"]
[PlyCount "143"]
[EventDate "2017.12.01"]
[EventType "swiss"]
[EventRounds "10"]
[EventCountry "ESP"]
[SourceTitle "Ajedrez en Madrid"]
[Source "lmi"]
[SourceDate "2017.12.01"]
[SourceVersion "1"]
[SourceVersionDate "2018.01.25"]
[SourceQuality "1"]

1. d4 e6 2. e4 d5 3. Nc3 Bb4 4. e5 c5 5. a3 Bxc3+ 6. bxc3 Qa5 7. Bd2 Qa4 8. Qb1
a6 9. Nf3 Nd7 10. Bd3 c4 11. Be2 Ne7 12. O-O O-O 13. Qb4 Qxb4 14. cxb4 b5 15.
a4 bxa4 16. Rxa4 Nb6 17. Ra3 Bd7 18. Rfa1 Bb5 19. Bc3 Nc6 20. g4 f6 21. exf6
gxf6 22. g5 e5 23. gxf6 e4 24. Ne5 Rxf6 25. Nxc6 Rxc6 26. Bd2 Nd7 27. Rg3+ Kh8
28. Bf4 Rf8 29. Bg5 h6 30. Be3 Rg8 31. Rf1 c3 32. Bxb5 axb5 33. f3 Rxg3+ 34.
hxg3 exf3 35. Rxf3 Kg7 36. Bf4 Rc4 37. Re3 Nf6 38. Bd6 Ne4 39. Bc5 Nxc5 40.
dxc5 d4 41. Re7+ Kf6 42. Rd7 Rxb4 43. c6 Ke6 44. Kf2 Rc4 45. Ke2 b4 46. Rb7
Rxc6 47. Rxb4 Rd6 48. Kd3 Ke5 49. Rb5+ Rd5 50. Rb6 Ra5 51. Rxh6 Ra1 52. Rh5+
Kd6 53. Kxd4 Ra4+ 54. Kxc3 Rg4 55. Rh3 Kc5 56. Kd3 Rd4+ 57. Ke3 Rc4 58. Rh2 Kd5
59. Rg2 Ke5 60. g4 Kf6 61. Kd3 Rc8 62. c4 Kg5 63. Kc3 Kf6 64. g5+ Kg6 65. Rg1
Rc7 66. Kd4 Rd7+ 67. Ke5 Re7+ 68. Kd6 Re2 69. c5 Rd2+ 70. Kc7 Rb2 71. c6 Rd2
72. Kc8 1-0

[Event "16. Torneo Aficionados Benidorm s-2000"]
[Site "Benidorm ESP"]
[Date "2017.12.05"]
[Round "6.4"]
[White "Cuellar Gutierrez, Raul"]
[Black "Cebolla Moll, Ricardo"]
[Result "0-1"]
[WhiteElo "1923"]
[BlackElo "1957"]
[PlyCount "40"]
[EventDate "2017.12.01"]
[EventType "swiss"]
[EventRounds "10"]
[EventCountry "ESP"]
[SourceTitle "Ajedrez en Madrid"]
[Source "lmi"]
[SourceDate "2017.12.01"]
[SourceVersion "1"]
[SourceVersionDate "2018.01.25"]
[SourceQuality "1"]

1. d4 Nf6 2. c4 g6 3. g3 Bg7 4. Bg2 d5 5. Nf3 O-O 6. O-O c6 7. cxd5 cxd5 8. Ne5
Nc6 9. Nxc6 bxc6 10. Nc3 Nd7 11. Be3 Qb6 12. Na4 Qb5 13. b3 Nb6 14. Nc5 Nd7 15.
Rc1 Nxc5 16. Rxc5 Qb6 17. Qc1 Bd7 18. Qc3 Rfe8 19. Bd2 e6 20. Qb2 Qxc5 0-1